Welcome to CU Library Online Public Access Catalogue (OPAC)

Legal aspects of managing employee relations (Record no. 5177)

MARC details
000 -LEADER
fixed length control field 00429nam a22001577a 4500
005 - DATE AND TIME OF LATEST TRANSACTION
control field 20250325112004.0
008 - FIXED-LENGTH DATA ELEMENTS--GENERAL INFORMATION
fixed length control field 250325b |||||||| |||| 00| 0 eng d
020 ## - INTERNATIONAL STANDARD BOOK NUMBER
International Standard Book Number 9788171771776
050 ## - LIBRARY OF CONGRESS CALL NUMBER
Classification number HD6960
Item number CHO
100 ## - MAIN ENTRY--PERSONAL NAME
Personal name Chowdhury, A. B
245 ## - TITLE STATEMENT
Title Legal aspects of managing employee relations
260 ## - PUBLICATION, DISTRIBUTION, ETC.
Place of publication, distribution, etc. New Delhi
Name of publisher, distributor, etc. Eastern Law House Private Ltd
Date of publication, distribution, etc. c2005
300 ## - PHYSICAL DESCRIPTION
Extent 551p
500 ## - GENERAL NOTE
General note includes index
942 ## - ADDED ENTRY ELEMENTS (KOHA)
Source of classification or shelving scheme Library of Congress Classification
Koha item type Books
Suppress in OPAC No
999 ## -
-- 5177
-- 5177
Holdings
Withdrawn status Lost status Source of classification or shelving scheme Damaged status Not for loan Collection Home library Current library Shelving location Date acquired Total checkouts Full call number Barcode Date last seen Copy number Price effective from Koha item type
    Library of Congress Classification     Non-fiction Business Library (Miotso) Business Library (Miotso) General stacks 03/25/2026   HD6960 CHO BSSM00002970 03/25/2026 1 03/25/2026 Books
    Library of Congress Classification     Non-fiction Business Library (Miotso) Business Library (Miotso) General stacks 03/25/2026   HD6960 CHO BSSM00002971 03/25/2026 2 03/25/2026 Books
    Library of Congress Classification     Non-fiction Undergraduate Library (Christ Temple) Undergraduate Library (Christ Temple) General stacks 03/25/2025   HD6960 CHO ulct00001940 03/25/2025 1 03/25/2025 Books
© 2023-2024 Copyright: Central University Libraries. All Rights Reserved | Created by: Mahone Tech Office